Responses for Show #7243 - Wednesday, February 24, 2016

Contestants

[<< previous game]

Suzy Law, an administrative officer from Loveland, Colorado

Jill Panall, an H.R. consultant from Newburyport, Massachusetts

Ben Yuhas, a research scientist from Evanston, Illinois (whose 1-day cash winnings total $23,200)

[next game >>]

Jeopardy! Round responses

WEIRD WORDS
DISNEY ANIMATED SUPPORTING CHARACTERS
LITERARY CROSSWORD CLUES "P"
SCIENCE
DECADES OF DANCE
(Alex: You have to identify the decade in which the dance was popular.)
DISASTER CITY
(Kelly: The facility where the Texas A&M Engineering Extension Service, or TEEX, trains law enforcement and first responders for events from terrorism to train wrecks.)
    $200 3
copper

Ben
    $200 11
Cars

Ben
    $200 1
Puck

Ben
    $200 17
amphibians

Jill
    $200 21
the '80s

Ben
    $200 23
a lever

Suzy
    $400 7
the stomach

Jill
    $400 12
Bambi

Ben
    $400 2
(Suzy: Who is Pintner?)

Pinter

JillSuzy
    $400 18
C

Ben
    $400 27
the '90s

Ben
    $400 16
skin cells

Ben
    $600 8
saints

Ben
    $600 13
Toy Story

Suzy
    $600 4
pentameter

Ben
    $600 19
quarks

Ben
    $600 26
the '70s

Suzy
    $600 28
a HAZMAT suit

Jill
    $800 9
prithee

Suzy
    $800 14
Beauty and the Beast

Jill
    $800 5
(Jill: What is Punch?)

Poetry

Jill
Triple Stumper
    $800 20
methane

Suzy
    $800 25
the '20s

Suzy
    $800 29
(Alex: Or also, stay away from that situation.)
(Jill: Right?)

an insulator

Jill
    $400 10
(Suzy: What is a cuckoo clock?)

the solar system

Suzy
    $1000 15
Cinderella

Jill
    $1000 6
(Alex: Not Deerslayer but [*].)

Pathfinder

Triple Stumper
    $1000 22
the triple point

Ben
    $1000 24
the '50s

Jill
    $1000 30
(Suzy: What is a flash grenade?)

a flashbang

BenSuzy

Scores at the first commercial break (after clue 15):

Ben Jill Suzy
$2,200 $1,800 $600

Scores at the end of the Jeopardy! Round:

Ben Jill Suzy
$6,200 $4,400 $2,000

Double Jeopardy! Round responses

15th CENTURY NOTABLES
IT TAKES 2
WORLD FACTS
AGRICULTURE
HARD-THROWING PITCHERS
STRIKE OUT
    $400 6
(Alex: Yes. You've been flying recently.)

orange juice & champagne

Ben
    $400 1
a Deutsche Mark

Jill
    $400 2
acre

Suzy
    $400 7
Nolan Ryan

Ben
    $400 15
back (from Outback)

Ben
    $800 9
Vasco da Gama

Jill
    $800 11
Conservative & Labour

Ben
    $800 3
(Ben: What is Sinai?)

Gaza

BenJill
    $800 26
(Ben: [Exhales] What are canes?)

the stalks

Ben
Triple Stumper
    $800 8
(Suzy: Who is Dennis... Ezerly?)

Randy Johnson

JillSuzy
    $800 16
going (from outgoing)

Ben
    $1200 10
Vlad

Suzy
    $1200 21
(Suzy: What are Columbia and... New York University?)

Columbia & Cornell

JillSuzy
    $1200 4
Kosciuszko

Jill
    $3,000 27
(Alex: Ben?)
(Ben: No idea.)
[The end-of-round signal sounds.]

hydroponics

Ben
    $1200 12
(Justin) Verlander

Ben
    $1200 17
board (from outboard)

Jill
    $1600 20
Lorenzo

Ben
    $2,000 22
Azerbaijan & Afghanistan

Jill
    $1600 5
French & Arabic

Triple Stumper
    $1600 13
[Jill briefly pumps her fist in celebration at getting the correct response.]

the Yankees

Jill
    $1600 18
cast (from outcast)

Ben
    $2000 25
(Alex: Less than a minute to go now, Ben.)

Jan Hus

Triple Stumper
    $2000 23
echidnas & platypus

Jill
    $2000 24
(Jill: What is Kyoto?)

Osaka

BenJill
    $2000 14
a sinker

Ben
    $2000 19
flank (from outflank)

Jill

Scores at the end of the Double Jeopardy! Round:

Ben Jill Suzy
$12,800 $16,400 $1,600

[wagering suggestions for these scores]

Final Jeopardy! Round responses

LEGENDARY WOMEN
SuzyWho was Elizabeth I?
$1,400
BenWho is Guinevere?
$4,000
JillWho is Guinevere?
$10,000
Guinevere

Final scores:

Ben Jill Suzy
$16,800 $26,400 $200
2nd place: $2,000 New champion: $26,400 3rd place: $1,000

Game dynamics:

Coryat scores:

Ben Jill Suzy
$15,800 $16,000 $2,000
23 R,
3 W
(including 1 DD)
19 R
(including 1 DD),
2 W
8 R,
5 W
(including 1 DD)

Combined Coryat: $33,800

[game clues] [game scores] [suggest correction]

Game tape date: 2016-01-12
The J! Archive is created by fans, for fans. Scraping, republication, monetization, and malicious use prohibited; this site may use cookies and collect identifying information. See terms. The Jeopardy! game show and all elements thereof, including but not limited to copyright and trademark thereto, are the property of Jeopardy Productions, Inc. and are protected under law. This website is not affiliated with, sponsored by, or operated by Jeopardy Productions, Inc. Join the discussion at JBoard.tv.